Разработка и исследование математической модели узла фторирования производства гексафторида урана; Современные техника и технологии; Т. 2

Bibliografiske detaljer
Parent link:Современные техника и технологии: сборник трудов XVII международной научно-практической конференции студентов, аспирантов и молодых ученых, Томск, 18-22 апреля 2011 г/ Национальный исследовательский Томский политехнический университет (ТПУ).— , 2011
Т. 2.— 2011.— [С. 346-348]
Hovedforfatter: Извекова Ю. В.
Andre forfattere: Криницын Н. С. Николай Станиславович (научный руководитель)
Summary:Заглавие с титульного экрана
Sprog:russisk
Udgivet: 2011
Serier:Информатика и управление в технических системах
Fag:
Online adgang:http://www.lib.tpu.ru/fulltext/c/2011/C01/V02/168.pdf
Format: MixedMaterials Electronisk Book Chapter
KOHA link:https://koha.lib.tpu.ru/cgi-bin/koha/opac-detail.pl?biblionumber=234809

MARC

LEADER 00000naa2a2200000 4500
001 234809
005 20260209120145.0
035 |a (RuTPU)RU\TPU\book\255937 
035 |a RU\TPU\book\255936 
090 |a 234809 
100 |a 20130329d2011 k y0rusy50 ca 
101 0 |a rus 
102 |a RU 
135 |a drnn ---uucaa 
181 0 |a i  
182 0 |a b 
200 1 |a Разработка и исследование математической модели узла фторирования производства гексафторида урана  |f Ю. В. Извекова, Н. С. Криницын  |g науч. рук. Н. С. Криницын 
203 |a Текст  |c электронный 
225 1 |a Информатика и управление в технических системах 
300 |a Заглавие с титульного экрана 
320 |a [Библиогр.: с. 348 (2 назв.)] 
337 |a Adobe Reader 
461 1 |0 (RuTPU)RU\TPU\book\255301  |t Современные техника и технологии  |o сборник трудов XVII международной научно-практической конференции студентов, аспирантов и молодых ученых, Томск, 18-22 апреля 2011 г  |o в 3 т.  |f Национальный исследовательский Томский политехнический университет (ТПУ)  |d 2011 
463 1 |0 (RuTPU)RU\TPU\book\255307  |t Т. 2  |v [С. 346-348]  |d 2011 
610 1 |a труды учёных ТПУ 
610 1 |a электронный ресурс 
610 1 |a разработка 
610 1 |a математическая модель 
610 1 |a фторирование 
610 1 |a гексафторид урана 
610 1 |a производство 
700 1 |a Извекова  |b Ю. В. 
701 1 |a Криницын  |b Н. С.  |c специалист в области электроники и автоматики физических установок  |c инженер-проектировщих Томского политехнического университета  |g Николай Станиславович  |3 (RuTPU)RU\TPU\pers\28155 
702 1 |a Криницын  |b Н. С.  |c специалист в области электроники и автоматики физических установок  |c инженер-проектировщих Томского политехнического университета  |g Николай Станиславович  |3 (RuTPU)RU\TPU\pers\28155  |4 727 
801 2 |a RU  |b 63413507  |c 20130416  |g RCR 
856 4 |u http://www.lib.tpu.ru/fulltext/c/2011/C01/V02/168.pdf 
942 |c CF